LEADER 01285nam a2200289 u 4500 001 000000060839 003 CaOOAMICUS 005 20070226120946.0 008 010802s1998 it u000 u ita u 035 $a10899466 040 $aPUL(R)$bita 100 1 $aNapolitano, Erasmo.$0(OLS)http://pul/name/41500 245 13$aLe soluzioni matrimoniali In favorem fidei /$cErasmo Napolitano. 260 $aNolae :$b[s.n.],$c1998. 300 $aix, 182 p. ;$c24 cm 500 $aIn testa al front.: "Pontificia Studiorum Universitas a S. Thoma Aq. in Urbe". 500 $a"Dissertatio ad lauream in facultate Iuris Canonici apud Pontificiam Universitatem S. Thomae in Urbe". 502 $aDiss. -- Pontificia Universitas s. Thomae in Urbe, 1998. 504 $a"Bibliografia": p. 171-180. 650 4$aMatrimonio (diritto canonico).$0(OLS)http://pul/subject/475 850 $aPUL 852 $aPUL$W1$xDP1 Tesi Pon. Univ. S. Tommaso$y44$mTH S.THOM 1119$j79354$nBK-PRI$b $qTesi$B79354$CPULBib$Z2$F79354 $H $81 941 1 $a16 960 $aDiritto matrimoniale canonico$9475 961 $aINV: 83989 996 $6245$aLe soluzioni matrimoniali In favorem fidei$9(OLS)http://pul/title/81297 996 $6260$aNolae :$b[s.n.]$9(OLS)http://pul/publisher/69897 LEADER 01613nam a2200301 a 4500 001 000000156754 003 CaOOAMICUS 005 20161128092136.0 008 161128s1954 it u000 u lat r 032 $aLibriCat 040 $aPUL$bita 100 1 $aHan Ta-Li, Angelus,$cO.F.M.$0(OLS)http://pul/name/99976 245 10$aDe subiecto proprietatis et administrationis bonorum temporalium ecclesiasticorum missionum praesertim in Sinis /$cP. Angelus Han (Ta-Li) O.F.M. 260 $aRoma :$bScuola tipografica lasalliana,$c1954. 300 $a59 p. ;$c24 cm. 502 $aEstratto da tesi -- Pontificium Athenaeum Antonianum. Facultas Iuris Canonici. 1954. 504 $aBibliografia in nota. 651 4$aCina$xStoria ecclesiastica.$0(OLS)http://pul/subject/8253 710 2 $aPontificio Ateneo Antoniano.$bFacoltą di Diritto Canonico.$kTesi.$0(OLS)http://pul/name/99826 850 $aPUL 852 $aPUL$W1$xDP1 Tesi Pon. At. Antonianum$y30$mTH ANT IUS27$j180037$qTesi$B183160$CPULBib$Z2$F183160 $H18137 $82 910 $aPontificia Universitą Antonianum.$bFacoltą di diritto canonico.$kTesi$999826 910 $aPontificia Universitą Antonianum.$bFacoltą di diritto canonico.$kTesi$999826 910 $aPontificium Athenaeum Antonianum.$bFacultas Iuris Canonici$kTesi$999826 941 1 $a16 996 $6245$aDe subiecto proprietatis et administrationis bonorum temporalium ecclesiasticorum missionum praesertim in Sinis$9(OLS)http://pul/title/196364 996 $6260$aRoma :$bScuola tipografica lasalliana$9(OLS)http://pul/publisher/85689